Safest Countries in the World - Statistics

General Stats
  • This quiz has been taken 2,587 times
  • The average score is 7 of 10
Answer Stats
Ranking Peace Score Answer % Correct
#1 1.148 Iceland
84%
#6 1.275 Finland
82%
#7 1.287 Canada
81%
#2 1.150 Denmark
79%
#5 1.227 Switzerland
77%
#9 1.329 Australia
73%
#4 1.221 New Zealand
72%
#8 1.322 Japan
71%
#3 1.198 Austria
60%
#10 1.341 Czech Republic
31%
No matching quizzes found
Score Distribution
Percent of People with Each Score
Percentile by Number Answered
Your Score History
You have not taken this quiz